Влияние магнитного поля на структурно-реологические свойства нефтей; Известия Томского политехнического университета [Известия ТПУ]; Т. 309, № 4

Detalles Bibliográficos
Parent link:Известия Томского политехнического университета [Известия ТПУ]/ Томский политехнический университет (ТПУ).— , 2000-
Т. 309, № 4.— 2006.— [С. 104-109]
Autor Principal: Лоскутова Ю. В.
Outros autores: Юдина Н. В.
Summary:Заглавие с титульного листа
Электронная версия печатной публикации
Исследовано влияние знакопеременного магнитного поля на структурно-реологические свойства нефтей с различным содержанием смол. Получены спектры оптического поглощения нефтей и фракций асфальтенов до и после магнитной обработки. С помощью метода лазерной фотокорреляционной спектроскопии показано, что магнитная обработка существенно влияет на размеры ассоциатов дисперсной фазы нефтяных систем.
Idioma:ruso
Publicado: 2006
Series:Технические науки
Subjects:
Acceso en liña:http://www.lib.tpu.ru/fulltext/v/Bulletin_TPU/2006/v309/i4/23.pdf
Formato: MixedMaterials Electrónico Capítulo de libro
KOHA link:https://koha.lib.tpu.ru/cgi-bin/koha/opac-detail.pl?biblionumber=171430

MARC

LEADER 00000nla2a2200000 4500
001 171430
005 20231031163959.0
035 |a (RuTPU)RU\TPU\book\185888 
035 |a RU\TPU\book\185887 
090 |a 171430 
100 |a 20091204d2006 k y0rusy50 ca 
101 0 |a rus 
102 |a RU 
135 |a drnn ---uucaa 
181 0 |a i  
182 0 |a b 
200 1 |a Влияние магнитного поля на структурно-реологические свойства нефтей  |b Электронный ресурс  |f Ю. В. Лоскутова, Н. В. Юдина 
203 |a Текст  |c электронный 
215 |a 1 файл (224 Кб) 
225 1 |a Технические науки 
230 |a Электронные текстовые данные (1 файл : 224 Кб) 
300 |a Заглавие с титульного листа 
300 |a Электронная версия печатной публикации 
320 |a [Библиогр.: с. 108-109 (13 назв.)] 
330 |a Исследовано влияние знакопеременного магнитного поля на структурно-реологические свойства нефтей с различным содержанием смол. Получены спектры оптического поглощения нефтей и фракций асфальтенов до и после магнитной обработки. С помощью метода лазерной фотокорреляционной спектроскопии показано, что магнитная обработка существенно влияет на размеры ассоциатов дисперсной фазы нефтяных систем. 
337 |a Adobe Reader 
461 1 |0 (RuTPU)RU\TPU\book\176237  |t Известия Томского политехнического университета [Известия ТПУ]  |f Томский политехнический университет (ТПУ)  |d 2000- 
463 1 |0 (RuTPU)RU\TPU\book\185844  |x 1684-8519  |t Т. 309, № 4  |v [С. 104-109]  |d 2006  |p 273 с. 
610 1 |a магнитные поля 
610 1 |a структурно-реологические свойства 
610 1 |a нефть 
610 1 |a смолы 
610 1 |a спектры 
610 1 |a оптическое поглощение 
610 1 |a фракции 
610 1 |a асфальтены 
610 1 |a магнитная обработка 
610 1 |a лазерная спектроскопия 
610 1 |a фотокорреляционная спектроскопия 
610 1 |a размеры 
610 1 |a ассоциаты 
610 1 |a дисперсные фазы 
610 1 |a нефтяные системы 
610 1 |a электронный ресурс 
700 1 |a Лоскутова  |b Ю. В. 
701 1 |a Юдина  |b Н. В. 
801 1 |a RU  |b 63413507  |c 20090623  |g PSBO 
801 2 |a RU  |b 63413507  |c 20211021  |g PSBO 
856 4 |u http://www.lib.tpu.ru/fulltext/v/Bulletin_TPU/2006/v309/i4/23.pdf 
942 |c CF